| 000 | 00417nam a2200181Ia 4500 | ||
|---|---|---|---|
| 001 | 24009 | ||
| 005 | 20260414151015.0 | ||
| 008 | 260414t1988||||xx |||||||||||||| ||spa|| | ||
| 041 | _aESP | ||
| 082 |
_a750 _bM82 |
||
| 100 |
_aMoll, Eduardo _eAUT |
||
| 245 | 0 |
_aVictor Humareda : _b1920-1986 |
|
| 260 | _c1988 | ||
| 300 |
_a217 páginas : _c27 cm. |
||
| 650 | _aABD | ||
| 654 | _aCAU | ||
| 942 |
_cLIB _dJUS _fJUS _2ddc _n |
||
| 999 |
_c24009 _d24009 |
||